000 00957nam a2200253 4500
005 20090519163650.0
008 701105s1969 ii b 000 0 eng
010 _aENG-93607
020 _a8176481351
_c600.00
035 _aEN-77140
037 _bDBAD / PUB
040 _adpl
_bEnglish
082 _a632.96
100 _aGhosh, G.K.
245 _aBiopesticide & integrated pest management /
_cby G.K.Ghosh
260 _aNew Delhi
_bAPH Publishing Corporation
_c2009
270 _a4435-36/7, Ansari Road, Darya Ganj,
_bNew Delhi
_e110002
300 _ax, 286p.
_c23cm(Hb)
500 _aIncludes bibliographical references and index
650 _aNatural pesticides
650 _aBiological pest control agents
942 _2ddc
_cEN
_mGHO
_h632.96
999 _c26596
_d26596